Prénoms de filles les plus populaires au Québec en 2014 - Statistiques

Statistiques générales
  • Ce quiz a été pris 1 407 fois
  • Le résultat moyen est 36 sur 100
Statistiques - réponses
Hint Réponse % Correct
1 Lea
77%
2 Emma
71%
66 Sara
65%
72 Anna
64%
46 Émilie
63%
5 Chloe
62%
12 Camille
61%
13 Juliette
61%
10 Charlotte
60%
25 Rose
60%
6 Alice
58%
92 Amélie
57%
53 Jeanne
57%
52 Julia
57%
49 Sophie
56%
7 Zoe
56%
4 Florence
55%
99 Laura
54%
26 Gabrielle
53%
3 Olivia
53%
17 Jade
52%
21 Laurence
52%
15 Eva
50%
44 Ève
50%
22 Clara
49%
50 Justine
49%
20 Sarah
48%
18 Béatrice
47%
33 Laurie
47%
23 Alicia
44%
35 Noémie
44%
9 Charlie
43%
71 Lily
43%
56 Marianne
42%
8 Rosalie
42%
11 Victoria
42%
24 Coralie
41%
16 Mia
41%
79 Mathilde
40%
93 Maude
39%
42 Aurélie
38%
32 Élodie
38%
47 Émy
37%
55 Océane
37%
43 Sophia
37%
60 Ariane
36%
36 Amélia
35%
27 Anais
35%
73 Elisabeth
35%
63 Mégan
35%
29 Raphaelle
34%
40 Alexia
32%
28 Annabelle
32%
67 Éloïse
30%
38 Mila
29%
80 Simone
29%
51 Jasmine
28%
19 Maeva
28%
54 Maya
28%
84 Frédérique
27%
62 Ophélie
27%
14 Sofia
27%
59 Éliane
26%
37 Léonie
26%
88 Lina
26%
39 Romy
26%
64 Delphine
25%
30 Elizabeth
25%
68 Leanne
25%
31 Livia
25%
34 Maélie
25%
45 Adèle
24%
70 Daphnée
24%
90 Amy
23%
82 Maely
23%
58 Mélodie
23%
97 Julianne
22%
81 Naomie
22%
76 Elena
21%
96 Evelyne
21%
41 Flavie
21%
78 Magalie
20%
77 Émily
19%
86 Lily-Rose
19%
87 Marilou
19%
48 Mégane
19%
89 Kayla
17%
85 Éléonore
16%
74 Ellie
16%
61 Mya
16%
69 Arielle
15%
83 Yasmine
15%
100 Alyssa
14%
98 Océanne
13%
75 Alycia
12%
91 Léa-Rose
12%
57 Maika
12%
65 Lexi
10%
94 Aya
8%
95 Layla
8%
Aucun quiz correspondant
Distribution des résultats
% des personnes avec chaque résultat
Percentile par nombre de réponses
Votre historique - résultats
Vous n’avez pas pris ce quiz